International relations in the new Africa

Saved in:
Bibliographic Details
Main Author: Zartman, I. William
Format: Book
Language:English
Published: Englewood Cliffs, N.J., Prentice-Hall, [1966]
Series:(A Spectrum booκ)
Subjects:
Tags: Add Tag
No Tags, Be the first to tag this record!

MARC

LEADER 00000cam a2200000 a 4500
001 1/113737
008 170427s1966####nju| ||| |||| ||eng||
040 |a GR-MyUa  |b gre  |c GR-MyUa  |e AACR2 
041 1 |a eng 
082 7 |a 327.96   |2 (23) 
100 1 |a Zartman, I. William. 
245 1 0 |a International relations in the new Africa /   |c I. William Zartman.  
260 |a Englewood Cliffs, N.J.,   |b Prentice-Hall,   |c [1966]  
300 |a xi, 175 σ. ;   |c 21 εκ.  
490 0 |a (A Spectrum booκ)  
504 |a Περιλαμβάνει βιβλιογραφία.  
651 0 |a Africa  |x Foreign relations  |y 1960- 
852 |a INST  |b LESVOS  |e 20170427  |h 327.96 ZAR  |p 005100059078  |q 005100059078  |t BK  |y 0 
970 |a Τζαφέρη  |b Ευαγγελία  |z 27-04-2017